| 000 | 01985nam a2200229 a 4500 | ||
|---|---|---|---|
| 003 | DO-SdBNP | ||
| 005 | 20220912152148.0 | ||
| 007 | ta | ||
| 008 | 220912e2007 dr ah||gr|||| 001 0 spa d | ||
| 040 |
_aDO-SdBNP _bspa _cBNPHU |
||
| 082 | 4 |
_222 _bE36c |
|
| 245 | 1 | 0 |
_aLa ejecución del código procesal penal: _b2004 - 2006. compilación de Informes, Discursos y Reacciones de la Prensa Escrita. / |
| 260 |
_aSanto Domingo : _bCONAEJ, _c2007 |
||
| 300 |
_a210 p. : _bil., facs. ; _c24 cm. |
||
| 505 | 0 |
_aPresentación. _tDiscurso del presidente Leonel Fernández en la ceremonia de puesta en vigencia del Código Procesal Penal.-- _tInforme de consultoría para el Comisionado de Apoyo a la Reforma y Modernización de la Justicia (CARMJ) de la República Dominicana acerca de la implementación de la Reforma Procesal Penal. / _rCristián R. Hernández.-- _tDiscurso del doctor César Pina Toribio, presidente de la Comisión Nacional de Ejecución de la Reforma Procesal Penal, con ocasión del primer año de implementación del Código Procesal Penal. -- _tInforme de consultoría: observaciones, comentarios y recomendaciones a un año de la vigencia del nuevo Código Procesal Penal. / _rRicardo Mendaña y Marcos Salt.-- _tCriminalidad y Reforma Procesal Penal. / _r(pleno CONAEJ).-- _tResumen ejecutivo del Informe General./ _r(pleno CONAEJ).-- _tResumen ejecutivo del Informe General II Años de Ejecución del Código Procesal Penal en la República Dominicana. / -- _r(pleno CONAEJ).-- _tDiagnóstico y propuestas para perfeccionar la Reforma Procesal Penal en República Dominicana. / _r Rafael Blanco y Hugo Rojas.-- _tReacciones de la prensa escrita. |
|
| 590 | _aInventariado 2022 / MF | ||
| 650 | 4 |
_916873 _aAdministración de Justicia Penal _zRepública Dominicana |
|
| 650 | 4 |
_976767 _aProcedimiento penal _zRepública Dominicana |
|
| 710 | 1 |
_aComisión Nacional de Ejecución de la Reforma Procesal Penal (República Dominicana). _982347 |
|
| 910 | _aMFeliz | ||
| 942 |
_2ddc _cLBS1 |
||
| 999 |
_c52375 _d52375 |
||